Zatepľovacie STAVEBNÉ SYSTÉMY

Uložené v:
Podrobná bibliografia
Korporatívny autor: GREINPLAST Slovakia, s. r. o. (Strojnícka 5, 080 06 Prešov) (Compiler)
Médium: Kniha
Jazyk:Slovak
Vydané: 2005
Fyzický popis: 12 s.
Tagy: Pridať tag
Žiadne tagy, Buďte prvý kto otaguje tento záznam!

MARC

LEADER 00000nam a2200000 a 4500
001 000328708
005 20051013140307.0
008 051013s2005 e sloo
040 |a KE001  |b slo 
080 |a 699.86  |2 undef 
245 0 0 |a Zatepľovacie STAVEBNÉ SYSTÉMY 
260 |c 2005 
300 |a 12 s. 
710 2 |a GREINPLAST Slovakia, s. r. o. (Strojnícka 5, 080 06 Prešov)  |4 com 
850 |a KE001 
998 |a FL 
992 |a FFP 
090 |g SCKHL  |k SK42  |a 699.86  |j 211226  |i I2473  |4 zastaraná  |s Vyradená